Samit Európskej únie v Barcelone

V dňoch 15.a 16. marca 2002 sa uskutočnil v španielskej Barcelone samit najvyšších predstaviteľov Európskej únie. Na schôdzke sa preberala predovšetkým problematika ekonomickej reformy Európskej únie. Riešila sa situácia na Strednom východe, Balkáne, v Iraku a tiež postoj EÚ k povolebnému Zimbabwe....

Full description

Saved in:
Bibliographic Details
Main Author: Rejta, Štefan
Format: Book Chapter
Language:Slovak
Subjects:
Tags: Add Tag
No Tags, Be the first to tag this record!

MARC

LEADER 00000naa a2200000 4500
001 r044705
005 20230920073957.0
041 0 |a slo 
044 |a SK 
245 1 0 |a Samit Európskej únie v Barcelone  |c Štefan Rejta 
520 |a V dňoch 15.a 16. marca 2002 sa uskutočnil v španielskej Barcelone samit najvyšších predstaviteľov Európskej únie. Na schôdzke sa preberala predovšetkým problematika ekonomickej reformy Európskej únie. Riešila sa situácia na Strednom východe, Balkáne, v Iraku a tiež postoj EÚ k povolebnému Zimbabwe. Ciele a závery samitu v Barcelone. 
610 2 0 |a spolupráca hospodárska medzinárodná 
610 2 0 |a Európska únia 
610 2 0 |a summity 
610 2 0 |a reformy hospodárske 
100 1 |a Rejta, Štefan